=LDR 00000nam 2200000 4500 =001 INLIS000000000032155 =005 20130612134157 =008 ***********************************ind** =035 ##$$0010-061300000032155 =041 ##$$a ind =082 ##$$a 423.1 =090 ##$$a R. 5423.1, Hal k =100 ##$$a HALIM, Andreas =245 ##$$a Kamus lengkap 600 milyard, Inggris Indonesia, Indonesia inggris, Andreas Halim =260 ##$$a Putra Pajar Mandiri $b jakarta =300 ##$$a 576 hal, 21 cm =650 ##$$a bahasa ZInggris - Indonesia - kamus\ =850 ##$$a NBPNMAT